| 000 | 00499nam a2200133Ia 4500 | ||
|---|---|---|---|
| 008 | 171212s9999 xx 000 0 und d | ||
| 020 | _a9780833058195 | ||
| 100 | _aShinn, James;Dobbins, James | ||
| 245 |
_cShinn, James;Dobbins, James _aAfghan Peace Talks _bA Primer |
||
| 260 |
_bRAND Corporation _c2011 |
||
| 650 | _aHistory | ||
| 650 | _aPeace-building -- Afghanistan; Afghan War, 2001 -- Peace; Diplomatic negotiations in international disputes | ||
| 856 | _uwww.jstor.org/stable/10.7249/mg1131rc | ||
| 999 |
_c351686 _d351686 |
||